Antología griega : colección de antiguos poetas griegos /

Guardado en:
Detalles Bibliográficos
Autor principal: Lasso de la Vega, Angel (comp., prelim. y tr.)
Formato: Libro
Idioma:Español
Colección:(Biblioteca Universal. Los Mejores Autores Antiguos y Modernos, Nacionales y Extranjeros ; 92)
Temas:
Etiquetas: Agrega una etiqueta
Sin etiquetas, Sé el primero en etiquetar este registro!

MARC

LEADER 00000nam^a2200000^a^4500
001 000365972
005 20250526000000.0
009 20260310115659.649
037 |a Acervo ITESO - Biblioteca 
041 |a ESP 
082 |a 808. 8  |b BIB V. 92 
100 |a Lasso de la Vega, Angel  |e (comp., prelim. y tr.) 
240 1 5 |a [Los mejores autores antiguos y modernos, nacionales y extranjeros] 
245 1 0 |a Antología griega :  |b colección de antiguos poetas griegos /  |c Comp., prelim. y tr. por A. Lasso de la Vega. 
264 |a Madrid, España :  |b Perlado, Páez y Compañía,  |c 1919 
300 |a 229 p. ;  |c 14.0 cm. 
336 |a texto  |b txt  |2 rdacontenido 
337 |a sin mediación  |b n  |2 rdamedio 
338 |a volumen  |b nc  |2 rdasoporte 
440 1 |a (Biblioteca Universal.  |p Los Mejores Autores Antiguos y Modernos, Nacionales y Extranjeros ;  |v 92) 
649 |a XX 
650 |a Poesía Clásica 
650 |a Poesía Epica Griega 
650 |a Poesía Griega 
650 |a Literatura Epica Griega 
650 |a Literatura Clásica 
650 |a Literatura Griega -  |y Período Clásico, 479-323 a.C 
910 |a Fondo General 
920 |a Impresos - Libros 
930 |a Libros Antiguos y Raros 
940 |a Literatura 
905 |a 108 
901 |a 0500260061  |b IT2  |c LRA  |i D74723  |u 20250526 
902 |a https://opac.biblio.iteso.mx/vufind/Record/000365972